[Event "ODJM A 2016"]
[Site "Willingen GER"]
[Date "2016.05.20"]
[Round "8"]
[White "Hauk, Viktoria"]
[Black "Elier, Ali"]
[Result "0-1"]
[Termination "normal"]
[Board "51"]
[WhiteElo "1489"]
[BlackElo "1778"]
[PlyCount "116"]
[WhiteFideId "12929093"]
[BlackFideId "16217543"]
[EventCountry "GER"]
[EventRounds "9"]
[EventType "swiss"]
[EventDate "2016.05.14"]

1. d4 g6 2. Nf3 Bg7 3. e3 Nf6 4. b3 O-O 5. Bb2 d6 6. Be2 Nc6 7. O-O a6 8. Nbd2
Bf5 9. c4 Qd7 10. d5 Nb8 11. Nd4 c5 12. Nxf5 Qxf5 13. Nf3 Qd7 14. h3 b5 15. a3
Qb7 16. Rb1 Nbd7 17. Bd3 b4 18. axb4 Qxb4 19. Qc2 Rfb8 20. Bc3 Qb7 21. Rfe1 Ne8
22. Bd2 a5 23. Bc3 Bxc3 24. Qxc3 Nc7 25. Bc2 Na6 26. Ra1 Nb4 27. Reb1 Re8 28.
Qd2 Nb6 29. Re1 a4 30. Qe2 a3 31. Bb1 Ra7 32. Ba2 Qd7 33. e4 f6 34. Red1 g5 35.
Nh2 Rf8 36. Qh5 Qe8 37. Qg4 Nd7 38. Bb1 Ne5 39. Qg3 a2 40. Bd3 Nexd3 41. Rxd3
Nxd3 42. Qxd3 Qg6 43. Qe2 Rfa8 44. Qg4 h5 45. Qe6+ Qf7 46. Qf5 Rb8 47. Qf3 f5
48. exf5 Qf6 49. Qd1 Rxb3 50. Rxa2 Rxa2 51. Qxb3 Ra1+ 52. Nf1 Qxf5 53. Qb2 Qf6
54. Qe2 h4 55. Qg4 Ra2 56. Qe6+ Qxe6 57. dxe6 Ra1 58. g3 Rc1 0-1

[Event "ODJM A 2016"]
[Site "Willingen GER"]
[Date "2016.05.20"]
[Round "8"]
[White "Rupp, Andreas"]
[Black "Roos, Elias"]
[Result "1-0"]
[Termination "normal"]
[Board "52"]
[WhiteElo "1562"]
[BlackElo "1722"]
[PlyCount "121"]
[WhiteFideId "16225503"]
[BlackFideId "12953415"]
[EventCountry "GER"]
[EventRounds "9"]
[EventType "swiss"]
[EventDate "2016.05.14"]

1. e4 c5 2. Nf3 d6 3. c3 Nf6 4. Be2 Nc6 5. d4 cxd4 6. cxd4 d5 7. exd5 Nxd5 8.
O-O g6 9. Ne5 Bg7 10. Bb5 Qb6 11. Qb3 Be6 12. Na3 O-O 13. Nxc6 bxc6 14. Bc4
Bxd4 15. Nc2 Qxb3 16. Bxb3 Bg7 17. Rb1 Nc7 18. Bxe6 Nxe6 19. b3 c5 20. Ba3 Rac8
21. Rbc1 Nd4 22. Rfe1 Rfe8 23. Ne3 Nb5 24. Bxc5 Bc3 25. Rxc3 Nxc3 26. Bxa7 Nxa2
27. g3 Nc3 28. b4 Rc7 29. Bd4 Nb5 30. Bc5 e6 31. Ng4 g5 32. Ra1 Rec8 33. Kg2
Rxc5 34. bxc5 Rxc5 35. Ne3 Nd6 36. h3 Nf5 37. Nxf5 Rxf5 38. Ra6 Kg7 39. Ra2 Rb5
40. Rc2 Rb4 41. Rc7 h6 42. Ra7 Kf6 43. Rc7 Rb6 44. Rc8 e5 45. Rh8 Kg7 46. Ra8
Re6 47. Ra3 e4 48. Re3 f5 49. f3 Kf6 50. Kf2 Ke5 51. Ra3 Rd6 52. Ra5+ Rd5 53.
Ra4 Rc5 54. Ra2 Kd4 55. Ra4+ Kd3 56. Ra3+ Rc3 57. Rxc3+ Kxc3 58. fxe4 fxe4 59.
Ke3 Kc2 60. Kxe4 Kd2 61. g4 1-0

[Event "ODJM A 2016"]
[Site "Willingen GER"]
[Date "2016.05.20"]
[Round "8"]
[White "Weinkauf, Viktor"]
[Black "Kast, Larissa"]
[Result "1-0"]
[Termination "normal"]
[Board "53"]
[WhiteElo "1847"]
[BlackElo "1567"]
[PlyCount "83"]
[WhiteFideId "1272036"]
[BlackFideId "24699055"]
[EventCountry "GER"]
[EventRounds "9"]
[EventType "swiss"]
[EventDate "2016.05.14"]

1. e4 e5 2. Nf3 Nc6 3. Bb5 a6 4. Ba4 Be7 5. O-O Nf6 6. c3 b5 7. Bc2 O-O 8. d4
d6 9. Bg5 Bg4 10. d5 Na5 11. Nbd2 h6 12. Be3 Qd7 13. a4 Nb7 14. Qe2 Bh5 15. Bd3
Ng4 16. axb5 Nxe3 17. fxe3 axb5 18. Bxb5 Qg4 19. Bc6 Rxa1 20. Rxa1 Nc5 21. Qc4
Qg6 22. Kf2 Bxf3 23. gxf3 Qh5 24. b4 Qxh2+ 25. Ke1 Bh4+ 26. Kd1 Qh1+ 27. Qf1
Qxf1+ 28. Nxf1 Nd3 29. Ke2 Nb2 30. Nd2 f5 31. exf5 Rxf5 32. Ra2 e4 33. Rxb2
exf3+ 34. Nxf3 Bf6 35. Rb3 g5 36. Bd7 Rxf3 37. Kxf3 h5 38. c4 Be5 39. c5 g4+
40. Bxg4 hxg4+ 41. Kxg4 dxc5 42. bxc5 1-0

[Event "ODJM A 2016"]
[Site "Willingen GER"]
[Date "2016.05.20"]
[Round "8"]
[White "Askri, Samir"]
[Black "Bilecen, Simon"]
[Result "0-1"]
[Termination "normal"]
[Board "54"]
[WhiteElo "1867"]
[BlackElo "1474"]
[PlyCount "100"]
[WhiteFideId "12924938"]
[BlackFideId "16225511"]
[EventCountry "GER"]
[EventRounds "9"]
[EventType "swiss"]
[EventDate "2016.05.14"]

1. d4 Nf6 2. c4 e6 3. Nf3 d5 4. Bg5 h6 5. Bh4 Be7 6. Nc3 Nbd7 7. e3 c5 8. cxd5
Nxd5 9. Bxe7 Qxe7 10. Be2 cxd4 11. Nxd5 exd5 12. Qxd4 Nf6 13. O-O O-O 14. Rac1
Be6 15. Qe5 Rac8 16. Nd4 Nd7 17. Qg3 Nc5 18. Qf4 Ne4 19. Bd3 Bd7 20. Rfd1 h5
21. Nf5 Qf6 22. f3 Rxc1 23. Rxc1 Qxb2 24. Ne7+ Kh8 25. Rb1 Qf2+ 26. Kh1 Nf6 27.
Qd4 Be6 28. Qxa7 Re8 29. Qxb7 Qxe3 30. Bb5 Bc8 31. Qc7 Qxe7 32. Qc1 Bd7 33. a4
Ra8 34. h3 Ne8 35. Qd2 Nc7 36. Re1 Qd6 37. Qg5 Nxb5 38. axb5 Bxb5 39. Qxh5+ Kg8
40. Rd1 Rd8 41. Rb1 Re8 42. Qh4 Qc5 43. Qg5 Bc4 44. Qf5 Qe3 45. Qh5 d4 46. Qc5
Be2 47. Qc6 d3 48. Rb3 Qe6 49. Qc3 d2 50. Rb1 d1=Q+ 0-1

[Event "ODJM A 2016"]
[Site "Willingen GER"]
[Date "2016.05.20"]
[Round "8"]
[White "Bilau, Max"]
[Black "Fischer, Maxi"]
[Result "1/2-1/2"]
[Termination "normal"]
[Board "55"]
[WhiteElo "1645"]
[BlackElo "1640"]
[PlyCount "76"]
[WhiteFideId "12974838"]
[BlackFideId "24692395"]
[EventCountry "GER"]
[EventRounds "9"]
[EventType "swiss"]
[EventDate "2016.05.14"]

1. d4 f5 2. Nc3 Nf6 3. Bg5 g6 4. e3 Bg7 5. Be2 d6 6. f4 O-O 7. Bxf6 Bxf6 8. Qd2
c6 9. g3 Qe8 10. h4 e5 11. O-O-O b5 12. h5 a5 13. hxg6 hxg6 14. dxe5 dxe5 15.
Bxb5 Be6 16. Qh2 Rf7 17. Ba4 e4 18. Nge2 Na6 19. Nd4 Bd7 20. Bb3 c5 21. Qh7+
Kf8 22. Qxf7+ Qxf7 23. Bxf7 cxd4 24. Nd5 Kxf7 25. Nxf6 Kxf6 26. Rxd4 Be6 27. a3
Nc7 28. Rd2 Nd5 29. Re2 Rg8 30. Rh7 Rd8 31. c4 Ne7 32. Rc2 Rc8 33. b3 a4 34.
Kb2 axb3 35. Kxb3 Rb8+ 36. Kc3 Rc8 37. Kb3 Rb8+ 38. Kc3 Rc8 1/2-1/2

[Event "ODJM A 2016"]
[Site "Willingen GER"]
[Date "2016.05.20"]
[Round "8"]
[White "Kublanov, Carolin"]
[Black "Reck, Jessica"]
[Result "1-0"]
[Termination "normal"]
[Board "56"]
[WhiteElo "1541"]
[BlackElo "1692"]
[PlyCount "47"]
[WhiteFideId "12944548"]
[BlackFideId "12917931"]
[EventCountry "GER"]
[EventRounds "9"]
[EventType "swiss"]
[EventDate "2016.05.14"]

1. d4 Nf6 2. Nf3 g6 3. e3 Bg7 4. b3 O-O 5. Bb2 d6 6. Nbd2 Nbd7 7. Bd3 c5 8. O-O
b6 9. Qe2 Bb7 10. Rab1 Qc7 11. c4 e6 12. Ng5 Rad8 13. f4 h6 14. Nxe6 fxe6 15.
Bxg6 Nb8 16. g4 Nc6 17. g5 hxg5 18. fxg5 Nh7 19. Qh5 Bh8 20. Qh6 Qg7 21. Bxh7+
Qxh7 22. Qxe6+ Rf7 23. g6 Qg7 24. Rxf7 1-0

[Event "ODJM A 2016"]
[Site "Willingen GER"]
[Date "2016.05.20"]
[Round "8"]
[White "Stockter, Jasper Enno"]
[Black "Gallasch, Robin"]
[Result "0-1"]
[Termination "time forfeit"]
[Board "57"]
[WhiteElo "1479"]
[BlackElo "1604"]
[PlyCount "70"]
[WhiteFideId "12957291"]
[BlackFideId "16222423"]
[EventCountry "GER"]
[EventRounds "9"]
[EventType "swiss"]
[EventDate "2016.05.14"]

1. e4 c6 2. d4 d5 3. exd5 cxd5 4. Bd3 Nc6 5. c3 Qc7 6. Ne2 Bg4 7. f3 Bd7 8. O-O
Nf6 9. Re1 e6 10. Bf4 Bd6 11. Bxd6 Qxd6 12. Ng3 O-O 13. Nd2 a6 14. a4 Rfe8 15.
Nb3 b6 16. Qe2 Bc8 17. Qf2 Rb8 18. Qf1 e5 19. dxe5 Nxe5 20. Bxa6 Bxa6 21. Qxa6
Nc4 22. Rxe8+ Rxe8 23. a5 Nd7 24. axb6 Ndxb6 25. Nd4 Qe5 26. Qa2 Qe3+ 27. Kh1
Qe1+ 28. Nf1 Qf2 29. b4 Qxa2 30. Rxa2 Re1 31. Kg1 Ne3 32. Rf2 Nbc4 33. Nc2 Nxc2
34. Rxc2 Ne3 35. Rf2 35... Kf8 {Rest nicht nachvollziehbar, da nur ein Formular
vorhanden. Zeitueberschreitung im 39. Zug} 0-1

[Event "ODJM A 2016"]
[Site "Willingen GER"]
[Date "2016.05.20"]
[Round "8"]
[White "Wolf, Philipp"]
[Black "Rose, Luis Stratos"]
[Result "0-1"]
[Termination "normal"]
[Board "58"]
[WhiteElo "1592"]
[BlackElo "1385"]
[PlyCount "100"]
[WhiteFideId "12958948"]
[BlackFideId "12976008"]
[EventCountry "GER"]
[EventRounds "9"]
[EventType "swiss"]
[EventDate "2016.05.14"]

1. e4 g6 2. d4 Bg7 3. Nc3 d6 4. Be3 a6 5. f4 Nf6 6. h3 O-O 7. Qf3 c6 8. Bd3 b5
9. e5 Ne8 10. g4 Qc7 11. Qg3 Bb7 12. Rh2 Nd7 13. Nf3 c5 14. Ne4 c4 15. e6 fxe6
16. Neg5 cxd3 17. Nxe6 Qc6 18. Nxf8 Qxf3 19. Qxf3 Bxf3 20. Nxd7 Bc6 21. Nb6 Rb8
22. cxd3 d5 23. Nxd5 Bxd5 24. Rc2 Nd6 25. Rc5 Bf7 26. a3 a5 27. Rac1 a4 28. Rc7
b4 29. Rxe7 bxa3 30. bxa3 Nb5 31. Rb1 Bb3 32. Rd7 Nxa3 33. Rc1 Nc2+ 34. Rxc2
Bxc2 35. Ra7 Rd8 36. Kd2 Bb3 37. Kc3 Rc8+ 38. Kb4 Bf8+ 39. Ka5 a3 40. Bd2 Bd5
41. Kb6 a2 42. Ra5 Ra8 43. Rxa8 Bxa8 44. Bc3 Bg2 45. h4 Bf3 46. Kc7 Bxg4 47.
Bb2 Be2 48. Bc3 Bxd3 49. Bb2 Kf7 50. d5 Bf5 0-1

[Event "ODJM A 2016"]
[Site "Willingen GER"]
[Date "2016.05.20"]
[Round "8"]
[White "Diegel, Jonas"]
[Black "Paskalev, Vasil"]
[Result "0-1"]
[Termination "normal"]
[Board "59"]
[WhiteElo "1678"]
[BlackElo "1591"]
[PlyCount "66"]
[WhiteFideId "16206061"]
[BlackFideId "16212355"]
[EventCountry "GER"]
[EventRounds "9"]
[EventType "swiss"]
[EventDate "2016.05.14"]

1. d4 Nf6 2. c4 e5 3. dxe5 Ng4 4. Nf3 Bc5 5. e3 Nc6 6. b3 O-O 7. Bd3 Ngxe5 8.
Nxe5 Nxe5 9. Bc2 d6 10. h3 Qg5 11. Be4 c6 12. h4 Qe7 13. Bb2 Nxc4 14. Bxh7+
Kxh7 15. Qd3+ Kg8 16. Qxc4 d5 17. Qd3 Rd8 18. Nd2 d4 19. e4 a5 20. Qg3 Bd6 21.
Qg5 Qxg5 22. hxg5 c5 23. g3 a4 24. f4 b5 25. Ke2 Bb7 26. Kd3 Bc7 27. Ba3 b4 28.
Bb2 g6 29. Rhe1 Kg7 30. a3 Ba6+ 31. Nc4 axb3 32. axb4 cxb4 33. Ra4 Bxc4+ 0-1

[Event "ODJM A 2016"]
[Site "Willingen GER"]
[Date "2016.05.20"]
[Round "8"]
[White "Schneider, Edward"]
[Black "Troyke, Jannis"]
[Result "0-1"]
[Termination "normal"]
[Board "60"]
[WhiteElo "1651"]
[BlackElo "1760"]
[PlyCount "36"]
[WhiteFideId "16200870"]
[BlackFideId "12993115"]
[EventCountry "GER"]
[EventRounds "9"]
[EventType "swiss"]
[EventDate "2016.05.14"]

1. e4 c5 2. Nf3 d6 3. d4 cxd4 4. Nxd4 Nf6 5. Nc3 g6 6. f3 Bg7 7. Be3 O-O 8. Qd2
Nc6 9. O-O-O d5 10. exd5 Nxd5 11. Nxc6 bxc6 12. Nxd5 cxd5 13. Qxd5 Qc7 14. Bd3
Bd7 15. Kb1 Rab8 16. Bc1 Qc3 17. Qxd7 Rxb2+ 18. Bxb2 Qxb2# 0-1